| 000 | 00404nam a2200157Ia 4500 | ||
|---|---|---|---|
| 008 | 230524s9999 xx 000 0 und d | ||
| 082 |
_a621.382 _bDHO |
||
| 100 | _aP.S.Dhogal | ||
| 245 | 0 | _aBasic Electrical Engineering Vol-II (With Numerical Problems) | |
| 250 | _a1ST | ||
| 260 |
_aNEW DELHI _bTMH _c2007 |
||
| 300 | _aXI;452 | ||
| 500 | _aQuantity Number: 2 | ||
| 650 | _aElectrical | ||
| 942 | _cBK | ||
| 999 |
_c37219 _d37219 |
||